Egy megszakadt barátság súlyos titkai ősbemutató a kassai Thália Színházban: Márai Sándor - A gyertyák csonkig égnek ...

Bibliographic Details
Main Author: Fecsó, Yvett, 1968- (Author)
Format: Article
Language:Hungarian
PhysicalDescription:Fotogr.
ISSN:1335-7050
Subjects:

MARC

LEADER 00000nab a2200000 ar4500
001 vtls010106229
003 SK-MaSNL
005 20260318121542.0
008 100615c20100520xo |||||||| 000 b|hun
015 |a SNBRB2010/05  |2 snkbucl 
038 |a SNKBUCL 
040 |a DSZK  |b slo  |c DSZK  |e AACR2 
041 0 |a hun 
044 |a xo  |c SK 
080 |a 792  |x (=511.141)  |x (437.6)  |2 2001 
080 |a 792.2  |2 2001 
100 1 |a Fecsó, Yvett,  |d 1968-  |4 aut  |9 263020 
245 1 0 |a Egy megszakadt barátság súlyos titkai  |b ősbemutató a kassai Thália Színházban: Márai Sándor - A gyertyák csonkig égnek ...  |c Fecsó Yvett 
300 |b Fotogr. 
500 |a Článok informuje o tlačovej besede režiséra Sándora Bekeho 
600 1 7 |a Márai, Sándor,  |d 1900-1989  |t A gyertyák csonkig égnek  |2 snkbucl  |9 1016189 
610 2 7 |a Divadlo Thália (Košice, Slovensko)  |2 SNKKA  |9 31809 
651 7 |a Košice (Slovensko)  |2 SNKPHgeo  |9 18694 
773 0 |t Új szó  |g Évf. 63, sz. 114 (20.5.2010), o. 9  |x 1335-7050 
852 |a SNK  |b KIS3GCP 
852 |a DSZK  |b KIS3GCP 
958 |a HU 
958 |a SK 
999 |c 3231021  |d 3232951